00409nam a2200157Ia 4500003000400000008004100004040001600045082001500061100002200076245006000098260003900158300001000197650001200207650001100219650002100230GCL140319s9999 xx 000 0 eng d aGCL / cGCL04a948.1bS F1 aSTURLUSON, SNORRI10aFROM THE SAGAS OF THE NORTH KINGS / cSTURLUSON, SNORRI a[S.N] : bDREYERS FORLAG ، c1988 a388 P04aHISTORY04aNORWAY04aNORWAY - HISTORY